000 00554nam a2200253Ia 4500
003 IT-RoPAU
008 120407s9999 xx 000 0 und d
040 _aIT-RoPAU
040 _cIT-RoPAU
041 _aita
100 _aGianni Vattimo
100 _ccur.
245 _aSaggi e discorsi. A cura di Gianni Vattimo.
250 _aMilano
260 _aMursia
260 _c1976
300 _a195 p.
300 _c22,5 cm
490 _aBiblioteca di filosofia
490 _v19
700 _aMartin Heidegger
942 _cBK
999 _c28129
_d28129